Gaming Quiz

Random Gaming or Video Games Quiz

Civilization VI Great People Quiz Stats

Quiz not verified by Sporcle

Challenge
Share
Tweet
Embed
Score 0/178 Timer 10:00
0 Plays Today
Hint Answer % Correct
ScientistAlbert Einstein
76.9%
EngineerLeonardo da Vinci
76.9%
ScientistIsaac Newton
71.8%
MusicianLudwig van Beethoven
69.2%
MusicianWolfgang Amadeus Mozart
69.2%
GeneralNapoleon Bonaparte
64.1%
MusicianJohann Sebastian Bach
64.1%
GeneralHannibal Barca
61.5%
AdmiralZheng He
56.4%
AdmiralHoratio Nelson
56.4%
WriterWilliam Shakespeare
56.4%
ArtistMichelangelo
56.4%
ScientistCharles Darwin
53.8%
MerchantMarco Polo
51.3%
ArtistClaude Monet
48.7%
ArtistVincent van Gogh
48.7%
EngineerGustav Eiffel
43.6%
MerchantAdam Smith
43.6%
WriterHomer
43.6%
MusicianFranz Liszt
43.6%
ProphetConfucius
43.6%
GeneralGenghis Khan
41%
GeneralDouglas MacArthur
41%
MerchantJohn Rockefeller
41%
WriterJane Austen
41%
ArtistRembrandt van Rijn
41%
MusicianFrederic Chopin
41%
GeneralBoudica
38.5%
GeneralJeanne d'Arc
38.5%
GeneralGeorgy Zhukov
38.5%
ScientistCarl Sagan
38.5%
ProphetSimon Peter
38.5%
GeneralSun Tzu
35.9%
WriterNiccolo Machiavelli
35.9%
WriterEdgar Allan Poe
35.9%
WriterLeo Tolstoy
35.9%
AdmiralFrancis Drake
33.3%
ScientistHildegard of Bingen
33.3%
EngineerAda Lovelace
33.3%
MerchantLevi Strauss
33.3%
MusicianAntonio Vivaldi
33.3%
GeneralEl Cid
30.8%
AdmiralChester Nimitz
30.8%
ScientistEuclid
30.8%
MerchantGiovanni de Medici
30.8%
WriterMurasaki Shibiku
30.8%
GeneralDwight Eisenhower
28.2%
AdmiralArtemesia
28.2%
WriterGeoffrey Chaucer
28.2%
ProphetJohn the Baptist
28.2%
AdmiralThemistocles
25.6%
ScientistStephanie Kwolek
25.6%
EngineerNikola Tesla
25.6%
MerchantIrene of Athens
25.6%
WriterMarie-Catherine d'Aulnoy
25.6%
WriterJohann Wolfgang von Goethe
25.6%
ArtistAngelica Kauffman
25.6%
ProphetSiddharta Gautama
25.6%
ProphetFrancis of Assisi
25.6%
AdmiralJoachim Marquez Lisboa
23.1%
Hint Answer % Correct
ScientistHypatia
23.1%
ScientistGalileo Galilei
23.1%
MerchantMelitta Bentz
23.1%
WriterChristine de Pizan
23.1%
WriterKarel Capek
23.1%
MusicianAntonin Dvorak
23.1%
GeneralAna Nzinga
20.5%
AdmiralGrace Hopper
20.5%
EngineerFilippo Brunelleschi
20.5%
MerchantMarcus Lacinius Crassus
20.5%
MerchantEstee Lauder
20.5%
WriterF. Scott Fitzgerald
20.5%
AdmiralLaskarina Bouboulina
17.9%
ScientistAlan Turing
17.9%
WriterMiguel de Cervantes
17.9%
ArtistDonatello
17.9%
ArtistHeironymous Bosch
17.9%
ArtistTitian
17.9%
MusicianAntonio Carlos Gomes
17.9%
ScientistErwin Schrodinger
15.4%
EngineerBi Sheng
15.4%
WriterJames Joyce
15.4%
WriterMark Twain
15.4%
ArtistKatsushika Hokusai
15.4%
ArtistGustav Klimt
15.4%
ArtistMary Cassatt
15.4%
EngineerJames of St. George
12.8%
MerchantJohn Jacob Astor
12.8%
MerchantHelena Rubenstein
12.8%
MusicianPeter Ilyich Tchaikovsky
12.8%
ProphetMartin Luther
12.8%
GeneralSimon Bolivar
10.3%
ScientistDmitri Mendeleev
10.3%
ScientistMary Leakey
10.3%
EngineerJames Watt
10.3%
EngineerRobert Goddard
10.3%
MerchantMary Katherine Goddard
10.3%
MusicianClara Schumann
10.3%
ProphetLaozi
10.3%
GeneralGustavus Adolphus
7.7%
AdmiralLeif Erikson
7.7%
AdmiralYi Sun-Sin
7.7%
EngineerWehrner von Braun
7.7%
WriterOvid
7.7%
ArtistSofonisba Anguissola
7.7%
ProphetZoroaster
7.7%
ProphetThomas Aquinas
7.7%
ArtistEl Greco
5.1%
GeneralMarina Raskova
2.6%
GeneralAhmed Shah Massoud
2.6%
AdmiralSanta Cruz
2.6%
AdmiralFranz von Hipper
2.6%
ScientistEmile du Chatelet
2.6%
ScientistJames Young
2.6%
ScientistAlfred Nobel
2.6%
EngineerMimar Sinan
2.6%
MerchantColaeus
2.6%
MerchantJakob Fugger
2.6%
MerchantJohn Spilsbury
2.6%
MerchantSarah Breedlove
2.6%
Hint Answer % Correct
MerchantJamseth Tata
2.6%
WriterMary Shelley
2.6%
WriterEmily Dickinson
2.6%
WriterH.G. Wells
2.6%
ArtistEdmonia Lewis
2.6%
GeneralAethelred
0%
GeneralRani Lakshimbai
0%
GeneralSamori Toure
0%
GeneralJohn Monash
0%
GeneralSudirman
0%
GeneralVijaya Wimalarante
0%
AdmiralGaius Duilius
0%
AdmiralRajendra Chola
0%
AdmiralChing Shih
0%
AdmiralTogo Heihachiro
0%
AdmiralSergei Gorshkov
0%
AdmiralClancy Fernando
0%
ScientistAryabhata
0%
ScientistOmar Khayyam
0%
ScientistAbu Al-Qasim Al-Zahrawi
0%
ScientistJanaki Ammal
0%
ScientistAbdus Salam
0%
EngineerIsidore of Miletus
0%
EngineerJoseph Paxton
0%
EngineerAlvar Aalto
0%
EngineerJane Drew
0%
EngineerJohn Roebling
0%
EngineerSergei Korolev
0%
EngineerCharles Correa
0%
MerchantZheng Qian
0%
MerchantPiero de' Bardi
0%
MerchantRaja Todar Mal
0%
MerchantMasaru Ibuka
0%
WriterBhasa
0%
WriterQu Yuan
0%
WriterLi Bai
0%
WriterMargaret Cavendish
0%
WriterAlexander Pushkin
0%
WriterRabindranath Tagore
0%
ArtistAndrei Rubiev
0%
ArtistQiu Ying
0%
ArtistJang Seung-Eop
0%
ArtistMarie-Anne Collot
0%
ArtistAmrita Sher-Gil
0%
ArtistBoris Orlovsky
0%
MusicianYatsuhashi Kengyo
0%
MusicianLiu Tianhua
0%
MusicianJuventino Rosas
0%
MusicianLili'uokalani
0%
MusicianMykola LeontovichLeontovich
0%
MusicianGauhar Jaan
0%
ProphetIrenaeus
0%
ProphetO no Yasumoro
0%
ProphetAdi Shankara
0%
ProphetSongsten Gampo
0%
ProphetBodhidharma
0%
ProphetHaji Huud
0%
ProphetMadvha Acharya
0%

You're not logged in!

Compare scores with friends on all Sporcle quizzes.
Join for Free
OR
Log In

You Might Also Like...

Show Comments

Extras

Top Quizzes Today


Score Distribution

Your Account Isn't Verified!

In order to create a playlist on Sporcle, you need to verify the email address you used during registration. Go to your Sporcle Settings to finish the process.

Report this User

Report this user for behavior that violates our Community Guidelines.

Details: